<?xml version="1.0" encoding="UTF-8"?>
<collection xmlns="http://www.loc.gov/MARC21/slim">
 <record>
  <leader>00453nam a22001811a 4500</leader>
  <controlfield tag="001">000040974</controlfield>
  <controlfield tag="003">17269</controlfield>
  <controlfield tag="005">20160412023717.0</controlfield>
  <controlfield tag="008">160412s2007                  000</controlfield>
  <datafield tag="082" ind1=" " ind2=" ">
   <subfield code="a">V(23)403-05</subfield>
  </datafield>
  <datafield tag="245" ind1=" " ind2=" ">
   <subfield code="a">Số đỏ: Tác phẩm và lời bình</subfield>
   <subfield code="c">Tôn Thất Miên</subfield>
  </datafield>
  <datafield tag="260" ind1=" " ind2=" ">
   <subfield code="c">2007</subfield>
  </datafield>
  <datafield tag="OWN" ind1=" " ind2=" ">
   <subfield code="a">LNN</subfield>
  </datafield>
  <datafield tag="999" ind1=" " ind2=" ">
   <subfield code="a">From the UDN01</subfield>
  </datafield>
  <datafield tag="TYP" ind1=" " ind2=" ">
   <subfield code="a">Monograph</subfield>
  </datafield>
  <datafield tag="980" ind1=" " ind2=" ">
   <subfield code="a">Mạng thư viện Đại học Đà Nẵng</subfield>
  </datafield>
 </record>
</collection>
